000 02016nam0a2200433 4500
001 RU\NLR\bibl\232276
005 20260406030937.0
021 _aRU
_b2001-49009
_92364
035 _a(NLR Aleph) 000228220
090 _a1327803
_c1327803
100 _a20020204d2001 |||y0rusy50 ca
101 0 _arus
102 _aRU
105 _ay |||||||||
200 1 _aЗаложники
_eДок. рассказ
_fСергей Плахтий
210 _aВладикавказ
_cИристон
_d2001
215 _a44, [1] с.
_d20
606 0 _aЗаложники (юрид.) в Чечне
606 0 _aГосударственные и политические деятели Северной Осетии, Республики
606 0 _aТерроризм в Чечне
607 _aЧеченская Республика
_xВзаимоотношения с Северной Осетией, Республикой
_z1996
_92250000
_3RU\NLR\auth\661349645
607 _aЧеченская Республика
_xВзаимоотношения
_yСеверная Осетия, Республика
_z1996
_92249999
_3RU\NLR\auth\661349644
607 _aСеверная Осетия, Республика
_xВзаимоотношения с Чеченской Республикой
_z1996
_92250004
_3RU\NLR\auth\661349647
607 _aСеверная Осетия, Республика
_xВзаимоотношения
_yЧеченская Республика
_z1996
_92250002
_3RU\NLR\auth\661349646
675 _a341.322:341.348
_v3
_zrus
686 _a10.87
_2rugasnti
686 _a67.412
_2rubbk
686 _aТ3(2)74-36
686 _aТ3(2Р-6Че)74
686 _aТ3(2Р-6С)74
700 1 _4070
_8rus
_7ca
_aПлахтий
_bС. Я.
_f1935-
_gСергей Яковлевич
_3RU\NLR\AUTH\771124
_9111156
801 0 _aRU
_bRKP
_c20020204
_gPSBO
801 1 _aRU
_bRKP
_c20020204
801 2 _aRU
_bNLR
_c20060207
_grcr
942 _cBOOK
980 _aNB
980 _aNBR